Fixation of added phosphorus and its relationship with soil characteristics in rubber growing soils of Kerala (Record no. 52276)

MARC details
000 -LEADER
fixed length control field 00554nam a2200157Ia 4500
100 ## - MAIN ENTRY--AUTHOR NAME
Personal name Ulaganathan A.
245 #0 - TITLE STATEMENT
Title Fixation of added phosphorus and its relationship with soil characteristics in rubber growing soils of Kerala
260 ## - PUBLICATION, DISTRIBUTION, ETC. (IMPRINT)
Name of publisher National Seminar on Development in Soil Science, 2008, 73rd Annual Convention, 27-30 November 2008, UAS, Bangalaore.
700 ## - ADDED ENTRY--PERSONAL NAME
Personal name Ambily K.K.
700 ## - ADDED ENTRY--PERSONAL NAME
Personal name Eappen T.
700 ## - ADDED ENTRY--PERSONAL NAME
Personal name Nair A.N.S.
700 ## - ADDED ENTRY--PERSONAL NAME
Personal name Nair N.U.
700 ## - ADDED ENTRY--PERSONAL NAME
Personal name Satisha G.C.
942 ## - ADDED ENTRY ELEMENTS (KOHA)
Koha item type Bibliography STAF
Holdings
Withdrawn status Lost status Damaged status Not for loan Home library Current library Date acquired Koha item type
      Bibliography RRII Library RRII Library 16/03/2010 Bibliography STAF